NBA nicknames: The Final Chapter - Statistics

General Stats
  • This quiz has been taken 35 times
  • The average score is 15 of 28
Answer Stats
Hint Answer % Correct
King James Lebron James
100%
The Heatles Lebron James
100%
Diesel Shaquille O’Neal
97%
Dr. J Julius Erving
94%
Magic Earvin Johnson
90%
The Glove Gary Payton
90%
The Microwave Vinnie Johnson
90%
Pistol Pete Pete Maravich
87%
The Answer Allen Iverson
84%
Round Mound of Rebound Charles Barkley
84%
The Human Highlight Film Dominique Wilkins
68%
The French Rejection Rudy Gobert
65%
The Matrix Shawn Marion
55%
Chocolate Thunder Darrel Dawkins
42%
The Big Dipper Wilt chamberlain
42%
Dwayne Wade
39%
World B Free Lloyd Bernard Free
39%
Chairman of the Boards Moses Malone
39%
Chris Bosh
35%
Mr Clutch Jerry West
35%
Never Nervous Pervis Pervis Ellison
32%
Groundhog Day Tim Duncan
32%
Clyde Walt Frazier
26%
Joe Barely Cares Joe Barry
16%
Skywalker David Thompson
13%
The Owl without a vowel Bill Mlkvy
6%
Human Eraser Marvin Webster
6%
Dr. Dunkenstein Darrel Griffith Jazz
0%
No matching quizzes found
Score Distribution
Percent of People with Each Score
Percentile by Number Answered
Your Score History
You have not taken this quiz